00434nam a2200085Ia 4500008004100000245002500041300021300066650001600279856005300295170517s9999 xx 000 0 und d 4aThe Truth About Food aEvery day we are bombarded with messages about food. What to eat and what not to eat, but what can science tell us? To test the effects of food in our bodies BBC commissioned top scientists from around the... xTechnology. uhttp://topdocumentaryfilms.com/truth-about-food/